[Event "FRA-ch U14 Girls"]
[Site "Le Grand Bornand"]
[Date "2007.04.??"]
[Round "7"]
[White "Auvray, Juliette"]
[Black "Eggenspieler, Jennifer"]
[Result "1-0"]
[WhiteElo "1908"]
[BlackElo "1580"]
[PlyCount "41"]
[EventDate "2007.04.07"]
[EventType "swiss"]
[EventRounds "9"]
[EventCountry "FRA"]
[SourceTitle "CBM 118 Extra"]
[Source "ChessBase"]
[SourceDate "2007.07.04"]
[SourceVersion "1"]
[SourceVersionDate "2007.07.04"]
[SourceQuality "1"]

1. e4 e5 2. Nf3 Nc6 3. Nc3 Nf6 4. d4 d6 5. dxe5 Nxe5 6. Nxe5 dxe5 7. Qxd8+ Kxd8 8. Bg5 Bd6 9. Nd5 Be7 10. 0-0-0 Bd7 11. Bxf6 Bxf6 12. Nxf6 gxf6 13. Bc4 Ke7 14. Bxf7 Bg4 15. f3 Bxf3 16. gxf3 Kxf7 17. Rd7+ Ke6 18. Rxc7 Rab8 19. Rd1 h6 20. Rcd7 f5 21. R1d6# 1-0

[Event "FRA-ch U14 Girls"]
[Site "Le Grand Bornand"]
[Date "2007.04.??"]
[Round "9"]
[White "Eggenspieler, Jennifer"]
[Black "Soubirou, Oriane"]
[Result "0-1"]
[WhiteElo "1580"]
[BlackElo "1560"]
[PlyCount "94"]
[EventDate "2007.04.07"]
[EventType "swiss"]
[EventRounds "9"]
[EventCountry "FRA"]
[SourceTitle "CBM 118 Extra"]
[Source "ChessBase"]
[SourceDate "2007.07.04"]
[SourceVersion "1"]
[SourceVersionDate "2007.07.04"]
[SourceQuality "1"]

1. d4 Nf6 2. c4 g6 3. Nc3 d5 4. cxd5 Nxd5 5. e4 Nxc3 6. bxc3 Bg7 7. Nf3 0-0 8. Bc4 c5 9. 0-0 Nc6 10. Bb2 Bg4 11. dxc5 Qa5 12. h3 Bxf3 13. Qxf3 Ne5 14. Qe2 Qxc5 15. Bb3 Rfd8 16. Rad1 e6 17. Kh1 Nc6 18. Qf3 Rac8 19. Rxd8+ Rxd8 20. Rd1 Rxd1+ 21. Qxd1 Qxf2 22. Qc2 Qxc2 23. Bxc2 Kf8 24. Kg1 Ke7 25. Ba3+ Kd7 26. c4 Na5 27. Ba4+ Kc7 28. c5 Nc4 29. Bb4 a5 30. Be1 Bd4+ 31. Bf2 Nb2 32. Be8 Bxf2+ 33. Kxf2 Nd3+ 34. Ke3 Nxc5 35. Bxf7 Kd6 36. Bg8 h6 37. h4 Nd7 38. Bf7 Nf8 39. h5 g5 40. Bg6 Ke5 41. g4 Nd7 42. Be8 Nf6 43. Bf7 Nxg4+ 44. Kf3 Nf6 45. Bg6 Nd7 46. Ke3 Nc5 47. a3 b5 0-1

[Event "FRA-ch U12 Girls"]
[Site "Aix les Bains"]
[Date "2006.??.??"]
[Round "6"]
[White "Monpeurt, Cyrielle"]
[Black "Eggenspieler, Jennifer"]
[Result "1-0"]
[WhiteElo "1440"]
[BlackElo "1630"]
[PlyCount "55"]
[EventDate "2006.04.16"]
[EventType "swiss"]
[EventRounds "9"]
[EventCountry "FRA"]
[SourceTitle "EXT 2007"]
[Source "ChessBase"]
[SourceDate "2006.11.23"]
[SourceVersion "1"]
[SourceVersionDate "2006.11.23"]
[SourceQuality "1"]

1. e4 d5 2. exd5 Qxd5 3. Nc3 Qa5 4. d4 Nf6 5. Nf3 Bg4 6. Bc4 e6 7. 0-0 c6 8. Re1 Nbd7 9. Bf4 Bb4 10. Qd3 Bf5 11. Qe3 0-0 12. Re2 Ng4 13. Qd2 Ndf6 14. h3 Ne4 15. Rxe4 Bxe4 16. hxg4 Rad8 17. Re1 Bxf3 18. gxf3 c5 19. Be3 e5 20. a3 Bxa3 21. bxa3 cxd4 22. Ne4 Qxa3 23. Bg5 Rc8 24. Bb3 a5 25. Bf6 a4 26. Qg5 g6 27. Qh6 axb3 28. Qg7# 1-0

[Event "FRA-ch U12 Girls"]
[Site "Aix les Bains"]
[Date "2006.??.??"]
[Round "8"]
[White "Ranc, Candice"]
[Black "Eggenspieler, Jennifer"]
[Result "0-1"]
[WhiteElo "1340"]
[BlackElo "1630"]
[PlyCount "100"]
[EventDate "2006.04.16"]
[EventType "swiss"]
[EventRounds "9"]
[EventCountry "FRA"]
[SourceTitle "EXT 2007"]
[Source "ChessBase"]
[SourceDate "2006.11.23"]
[SourceVersion "1"]
[SourceVersionDate "2006.11.23"]
[SourceQuality "1"]

1. e4 e5 2. Nf3 Nc6 3. Bb5 d6 4. d4 Bd7 5. Nc3 g6 6. Bxc6 Bxc6 7. dxe5 dxe5 8. Qxd8+ Rxd8 9. Nxe5 Ne7 10. Bg5 Rb8 11. Bf6 Rg8 12. 0-0 Bg7 13. Bxg7 Rxg7 14. Rad1 f6 15. Rfe1 fxe5 16. Re3 Bd7 17. Red3 Nc6 18. g3 Rd8 19. f4 Rf7 20. Nd5 exf4 21. gxf4 Be6 22. Re1 Bxd5 23. exd5+ Ne7 24. Re4 Kf8 25. c4 Rf6 26. Red4 Rfd6 27. b4 c6 28. Re4 cxd5 29. cxd5 Rxd5 30. Rde3 Re8 31. Kf2 Rd2+ 32. Kg3 Rxa2 33. Kh3 Rd2 34. Kg3 Red8 35. Kg4 h6 36. h4 Nd5 37. Re8+ Rxe8 38. Rxe8+ Kxe8 39. f5 Ne3+ 40. Kf4 Nxf5 41. h5 gxh5 42. Kxf5 Kd7 43. Kf4 Kc6 44. Kg3 Kb5 45. Kh4 Kxb4 46. Kxh5 a5 47. Kxh6 a4 48. Kg6 a3 49. Kf6 a2 50. Ke6 a1Q 0-1